<?xml version="1.0" encoding="UTF-8"?>
<record
    xmlns:xsi="http://www.w3.org/2001/XMLSchema-instance"
    xsi:schemaLocation="http://www.loc.gov/MARC21/slim http://www.loc.gov/standards/marcxml/schema/MARC21slim.xsd"
    xmlns="http://www.loc.gov/MARC21/slim">

  <leader>03646nam a22003137i 4500</leader>
  <controlfield tag="003">DO-SdINT</controlfield>
  <controlfield tag="005">20260112152006.0</controlfield>
  <controlfield tag="008">250604t2024    dr ||||| |||| 00| 0 spa d</controlfield>
  <datafield tag="040" ind1=" " ind2=" ">
    <subfield code="a">DO-SdINT</subfield>
    <subfield code="b">spa</subfield>
    <subfield code="c">DO-SdINT</subfield>
    <subfield code="e">rda</subfield>
  </datafield>
  <datafield tag="041" ind1=" " ind2=" ">
    <subfield code="a">spa</subfield>
  </datafield>
  <datafield tag="044" ind1=" " ind2=" ">
    <subfield code="a">dr</subfield>
    <subfield code="c">DO</subfield>
  </datafield>
  <datafield tag="072" ind1=" " ind2=" ">
    <subfield code="a">CSH</subfield>
  </datafield>
  <datafield tag="090" ind1=" " ind2=" ">
    <subfield code="a">INTEC</subfield>
    <subfield code="b">CyH-1579</subfield>
  </datafield>
  <datafield tag="100" ind1=" " ind2=" ">
    <subfield code="a">Vizca&#xED;no Cuevas, Marigus </subfield>
    <subfield code="4">aut.</subfield>
    <subfield code="9">110242</subfield>
    <subfield code="e">autor</subfield>
  </datafield>
  <datafield tag="245" ind1=" " ind2=" ">
    <subfield code="a">La participaci&#xF3;n del equipo de gesti&#xF3;n en la elaboraci&#xF3;n de seguimiento del Proyecto Educativo Centro (PEC) : </subfield>
    <subfield code="b">un enfoque estrat&#xE9;gico para el Centro Los Montones II en el a&#xF1;o escolar 2023-2024 /</subfield>
    <subfield code="c">Marigus Vizca&#xED;no Cuevas</subfield>
  </datafield>
  <datafield tag="264" ind1=" " ind2=" ">
    <subfield code="a">Rep&#xFA;blica Dominicana :</subfield>
    <subfield code="b">Instituto Tecnol&#xF3;gico de Santo Domingo (INTEC),</subfield>
    <subfield code="c">2024</subfield>
  </datafield>
  <datafield tag="300" ind1=" " ind2=" ">
    <subfield code="a">63 hojas :</subfield>
    <subfield code="b">ilustraciones ;</subfield>
    <subfield code="c">28 cm</subfield>
  </datafield>
  <datafield tag="336" ind1=" " ind2=" ">
    <subfield code="2">rdacontent</subfield>
    <subfield code="a">texto</subfield>
    <subfield code="b">txt</subfield>
  </datafield>
  <datafield tag="337" ind1=" " ind2=" ">
    <subfield code="2">rdamedia</subfield>
    <subfield code="a">sin mediaci&#xF3;n</subfield>
    <subfield code="b">n</subfield>
  </datafield>
  <datafield tag="338" ind1=" " ind2=" ">
    <subfield code="2">rdacarrier</subfield>
    <subfield code="a">volumen</subfield>
    <subfield code="b">nc</subfield>
  </datafield>
  <datafield tag="502" ind1=" " ind2=" ">
    <subfield code="a">Tesis (Maestr&#xED;a en Gesti&#xF3;n de Centros Educativos) -- Instituto Tecnol&#xF3;gico de Santo Domingo, 2024.</subfield>
  </datafield>
  <datafield tag="505" ind1=" " ind2=" ">
    <subfield code="a">Dedicatoria ii -- Agradecimientos iii -- Resumen y palabras claves iv -- Abstract and key words v -- Introducci&#xF3;n 1 -- Capitulo I. Planteamiento y formulaci&#xF3;n del problema 2 -- 1.1 Planteamiento del problema 2 -- 1.2. Objetivos 3 -- 1.2.1. Objetivos generales 3 -- 1.2.2. Objetivos espec&#xED;ficos 4 -- 1.3. Preguntas 4 -- 1.4. Justificaci&#xF3;n 5 -- Capitulo II. Marco de referencia 7 -- 2.1. Antecedentes 7 -- 2.2. Marco te&#xF3;rico-conceptual 10 -- 2.3. Marco contextual 15 -- 2.4. Paralizaci&#xF3;n de variables 17 -- Capitulo III. Marco metodol&#xF3;gico 21 -- 3.1.1. Enfoque 21 -- 3.1.2. Alcance 23 -- 3.1.3. Dise&#xF1;o 24 -- 3.2. Poblaci&#xF3;n y muestra 25 -- 3.4. Descripci&#xF3;n metodol&#xF3;gica de la investigaci&#xF3;n 27 -- 3.4.1. Procedimiento 27 -- 3.4.2. Cronograma 28 -- 3.4.3. Presupuesto 29 -- Capitulo IV. An&#xE1;lisis de la informaci&#xF3;n y resultados del diagn&#xF3;stico 31 -- Capitulo V. Plan de mejora 44 -- 5.1. Dise&#xF1;o de propuesta del plan de mejora 44 -- 5.2. Implementaci&#xF3;n del plan de mejora 49 -- 5.2. Evaluaci&#xF3;n de factibilidad del plan de mejora 50 -- Conclusi&#xF3;n 52 -- Recomendaciones 53 -- Referencias bibliogr&#xE1;ficas 55 -- Anexos 57
  </subfield>
  </datafield>
  <datafield tag="520" ind1=" " ind2=" ">
    <subfield code="a">Dada la importancia de una gesti&#xF3;n escolar efectiva para el &#xE9;xito de los centros la investigaci&#xF3;n se enfoca en el an&#xE1;lisis de la participaci&#xF3;n del equipo de gesti&#xF3;n en la elaboraci&#xF3;n y seguimiento del Proyecto Educativo del Centro (PEC), tomando como estudio de caso el Centro Los Montones 11 durante el a&#xF1;o escolar 2023-2024. Se reconoce que el PEC es una herramienta estrat&#xE9;gica clave para la planificaci&#xF3;n y mejora continua de las instituciones, por lo que es esencial evaluar la contribuci&#xF3;n del equipo de gesti&#xF3;n en su dise&#xF1;o y ejecuci&#xF3;n. Para llevar a cabo este an&#xE1;lisis, se utilizaron antecedentes te&#xF3;ricos que destacan la relevancia de la gesti&#xF3;n estrat&#xE9;gica en el &#xE1;mbito educativo. El estudio implement&#xF3; una metodolog&#xED;a que incluyo la observaci&#xF3;n de la elaboraci&#xF3;n del PEC, entrevistas al equipo de gesti&#xF3;n y el dise&#xF1;o e implementaci&#xF3;n de un plan de mejora. Los resultados obtenidos mostraron que una gesti&#xF3;n activa y bien estructurada influye de manera significativa en la calidad de la planificaci&#xF3;n y el seguimiento del PEC, generando mejoras sustanciales en la organizaci&#xF3;n y los procesos de ense&#xF1;anza-aprendizaje dentro del centro.

</subfield>
  </datafield>
  <datafield tag="650" ind1=" " ind2="7">
    <subfield code="a">Administraci&#xF3;n escolar</subfield>
    <subfield code="9">29238</subfield>
  </datafield>
  <datafield tag="650" ind1=" " ind2="7">
    <subfield code="a">Planificacion educativa</subfield>
    <subfield code="9">36598</subfield>
  </datafield>
  <datafield tag="650" ind1=" " ind2="7">
    <subfield code="a">Proyecto de educaci&#xF3;n</subfield>
    <subfield code="9">37087</subfield>
  </datafield>
  <datafield tag="856" ind1=" " ind2=" ">
    <subfield code="u">https://repositoriobiblioteca.intec.edu.do/bitstreams/7c8c7dbb-fe62-446a-92c3-52492dc8ac97/download</subfield>
    <subfield code="y">Acceso a Texto Completo </subfield>
  </datafield>
  <datafield tag="942" ind1=" " ind2=" ">
    <subfield code="2">ddc</subfield>
    <subfield code="c">TE</subfield>
  </datafield>
  <datafield tag="999" ind1=" " ind2=" ">
    <subfield code="c">14627</subfield>
    <subfield code="d">14627</subfield>
  </datafield>
</record>
